LEADER 01380nam0 2200313 450 001 000034732 005 20140326152851.0 010 $a978-88-7622-048-7 100 $a20130503d2007----km-y0itaa50------ba 101 0 $aita 102 $aIT 200 1 $aCasa editrice italiana di Attilio Quattrini (1909-1931)$fAlessandra Biagianti$ga cura di Carlo Maria Simonetti 210 $aReggello (FI)$cFirenze libri$cLibreria Chiari$d2007 215 $a302 p., [17] p. di tav.$cill.$d24 cm 225 2 $aDocumenti per la storia$v1 410 0$12001$aDocumenti per la storia$v1 676 $a015.45511$v(22. ed.)$9Bibliografie e cataloghi di documenti per luogo di pubblicazione. Firenze 700 1$aBiagianti,$bAlessandra$0446453 702 1$aSimonetti,$bCarlo Maria 801 0$aIT$bUniversità della Basilicata - B.I.A.$gREICAT$2unimarc 912 $a000034732 996 $aCasa editrice italiana di Attilio Quattrini (1909-1931$997528 997 $aUNIBAS BAS $aLETTERE CAT $aSTD091$b01$c20130503$lBAS01$h1050 CAT $aMDL$b30$c20140326$lBAS01$h1528 FMT Z30 -1$lBAS01$LBAS01$mBOOK$1BASA1$APolo Storico-Umanistico$2DSLA$BCollezione DiSSLA$3DD/5514$65514$5D5514$820130503$f04$FPrestabile Didattica Z30 -1$lBAS01$LBAS01$mBOOK$1BASA1$APolo Storico-Umanistico$2DSLA$BCollezione DiSSLA$3DD/5515$65515$5D5515$820130503$f04$FPrestabile Didattica LEADER 02178nam 2200457 450 001 000006780 005 20050718115200.0 010 $a0-7273-1302-9$b(Vol. 1) 010 $a0-7273-1305-3$b(Vol. 2) 010 $a0-7273-1306-1$b(Vol. 3) 100 $a20001221d1980----km-y0itay0103----ba 101 0 $aeng 102 $aGB 200 1 $aManual of soil laboratory testing$fK. H. Head 210 $aLondon$cPentech Press$d1980- 215 $av.$cill.$d26 cm. 327 $a<> Soil classification and compaction tests. - 1980. - 339 p.$a<> Permeability, shear strength and compressibility tests. - 1982. - P. 335-747$a<> Effective stress tests. - c1986. - P. 743-1238 606 $aGeotecnica$xProve di laboratorio 606 $aMeccanica dei terreni 676 $a624.1513$v(20. ed.)$9Ingegneria civile. Meccanica delle rocce e del terreno 700 1$aHead,$bK. H.$0439897 801 0$aIT$bUniversità della Basilicata - B.I.A.$gRICA$2unimarc 912 $a000006780 996 $aManual of soil laboratory testing$976049 997 $aUNIBAS BAS $aMONAGR BAS $aMONOGR BAS $aAGRARIA CAT $aVALVANO$b01$c20001221$lBAS01$h1607 CAT $aTORRE$b20$c20010205$lBAS01$h1112 CAT $aTORRE$b20$c20010208$lBAS01$h1207 CAT $aTORRE$b20$c20020319$lBAS01$h1807 CAT $c20050601$lBAS01$h1753 CAT $abatch$b01$c20050718$lBAS01$h1049 CAT $c20050718$lBAS01$h1108 CAT $c20050718$lBAS01$h1138 CAT $c20050718$lBAS01$h1152 FMT Z30 -1$lBAS01$LBAS01$mBOOK$1BASA2$APolo Tecnico-Scientifico$2DID$BDidattica$3PTS.s3.p55.1$646656$5A46656$820010205$b1$e339$f04$FPrestabile Didattica$hVol. 1.: Soil classification and compaction tests Z30 -1$lBAS01$LBAS01$mBOOK$1BASA2$APolo Tecnico-Scientifico$2DID$BDidattica$3PTS.s3.p55.2$646657$5A46657$820010205$b2$e335-747$f04$FPrestabile Didattica$hVol. 2.: Permeability, shear strength and compressibility tests Z30 -1$lBAS01$LBAS01$mBOOK$1BASA2$APolo Tecnico-Scientifico$2DID$BDidattica$3PTS.s3.p55.3$645755$5A45755$820001221$b3$e743-1238$f04$FPrestabile Didattica$hVol. 3.: Effective stress tests